Die verkaufte Braut. (Prodaná nevěsta) : für Tenor : (Akt II) : einzelne Gesangsnummern mit deutschem Text / No. 3, Buffo-Arie (Wenzel) "Theurer Sohn"

Hlavní autor: Smetana, Bedřich, 1824-1884
Další autoři: Kalbeck, Max, 1850-1921
Jazyk: Němčina
Vydáno: Berlin : Ed. Bote & G. Bock, [1905?]
Fyzický popis: 1 partitura (6 s.)
Hudebniny Hudebniny
Uloženo v:
LEADER 00981ncm a22002292a 4500
001 001290282
003 CZ BrMZK
005 20130430073839.0
007 qu
008 130430s1905 gw |||||||||||||||||ger d
040 |a BOA001  |b cze 
072 7 |a 782  |x Divadelní hudba. Opera, opereta, muzikál  |2 Konspekt  |9 9 
100 1 |a Smetana, Bedřich,  |d 1824-1884  |7 jk01120043  |4 cmp 
245 1 4 |a Die verkaufte Braut.  |n No. 3,  |p Buffo-Arie (Wenzel) "Theurer Sohn"  |h [hudebnina] =  |b (Prodaná nevěsta) : für Tenor : (Akt II) : einzelne Gesangsnummern mit deutschem Text /  |c von Friedrich Smetana ; vollständiger Klavier-Auszug mit deutschem Text (Max Kalbeck) 
246 3 0 |a Theurer Sohn 
260 |a Berlin :  |b Ed. Bote & G. Bock,  |c [1905?] 
300 |a 1 partitura (6 s.) 
700 1 |a Kalbeck, Max,  |d 1850-1921  |7 xx0055262  |4 arr 
910 |a BOA001  |b Mus4-0567.583,3 
990 |a MU 
991 |b 201304 
996 6 |b 2619467091  |c Mus4-0567.583,3  |l MZK  |r Sklad / do 1 hodiny  |n 0  |w 001324975  |u 000010  |a 1  |e BOA001  |j MZK50  |s P